000 00668cam a22002413a 4500
001 22520
003 PGUSA
005 20140828083458.0
008 070905s2007||||xxu|||||s|||||000 | eng d
040 _aPGUSA
_beng
042 _adc
050 4 _aSF
100 1 _aMcCombie, William,
_d1805-1880
245 1 0 _aCattle and Cattle-breeders
_h[electronic resource] /
_cWilliam McCombie
260 _bProject Gutenberg,
_c2007
506 _aPublic domain in the USA.
516 _aElectronic text
653 _aCattle -- Breeding
653 _aCattle breeders
830 0 _aProject Gutenberg
_v22520
856 4 0 _uhttp://www.gutenberg.org/ebooks/22520
942 _cEB
999 _c251775
_d251775